=LDR 00000nam 2200000 4500 =001 INLIS000000000047506 =005 20151216110818.0 =006 =007 =008 =020 ##$$a 978-979-068-140-8 =035 ##$$0010-121500000000047 =040 ##$$a ind =082 ##$$a 910.7 =090 ##$$a 910.7 $b Anj =100 ##$$a Anjatani, Eni =245 ##$$a Geografi untuk kelas XI =250 ##$$a - =260 ##$$a jakarta $b Dep. Pendidikan Nasional $c 2009 =300 ##$$a vii, 242 hlm $b 29 cm =850 ##$$a NBPDMAT =990 ##$$a 0001/BPAP-NTB/2015 =990 ##$$a 0001/BPAP-NTB/2015 =990 ##$$a 0001/BPAP-NTB/2016